Country Quiz: Cabo Verde 🇨🇻 - Statistics

General Stats
  • This quiz has been taken 42 times
  • The average score is 8 of 20
Answer Stats
Hint Answer % Correct
Time zones 1 UTC-1)
93%
Between 1462-1970s, this country ruled Cape Verde Portugal
93%
Language Portuguese
81%
Bordering Oceans Atlantic ocean
74%
Independence 1975
67%
Capital Praia
67%
Main Religion Christianity
59%
National Sport Football
59%
Nationality Cabo Verdean
48%
In 1980, Cabo Verde scraps the plans of uniting with this African country after the latter went through a coup Guinea-Bissau
48%
Cabo Verde is considered one of the five most __________ countries in Africa Democratic
26%
Main Economic Sector Fish
26%
State-Condition Republic
26%
Second-Largest City Mindelo
19%
Founding Father Amílcar Lopes Cabral
15%
Prior to the 15th century, Cape Verde's islands were _____________ Uninhabitable
11%
National Animal Manatees
4%
Most Famous Leader (1975-91) Pedro Pires
4%
Climate Temperate
4%
Currency Cusco
0%
No matching quizzes found
Score Distribution
Percent of People with Each Score
Percentile by Number Answered
Your Score History
You have not taken this quiz